000 00477 a2200169 4500
000 BKB
001 066382
005 20200902145644.0
008
082 _a515.7
_bR44F
100 1 _aRiesz, Frigyes
245 1 _aFunctional analysis
_cby Frigyes Riesz and and Bela Szokefalvi-Nagy
260 _aNew York
_bDover Publication
_c2007
300 _a504p.
690 _aFunctional analysis
700 _aSzokefalvi-Nagy, Bela
_b
_c
999 _c442
_d442